000 01512cam a2200409 a 4500
001 21458
003 VRT
005 20260302124616.0
008 240318s2014 xr a c 000 j slo
015 _aSNBZSA2016
020 _a9788073608866
_q(viazané)
035 _a5A60B01E-11CA-4E42-8D18-D49B7C384724
035 _aurn:nbn:sk:snk-amyfqd
035 _aurn:nbn:sk:snk-am00cm0m
039 9 _a202403182046
_bVLOAD
_c201802161236
_dVLOAD
_c201610121308
_dmsnk116
_c201605091257
_dAUTHORITY
040 _aSNK
_bslo
_cSNK
_eAACR2
041 1 _aslo
_hcze
044 _axr
_cCZ
072 7 _a821.162.3
_xČeská literatúra
_2konspekt
072 7 _a821-93
_xLiteratúra pre deti a mládež (beletria)
_2konspekt
080 _a821.162.3-34
_22011
080 _a82-93-053.2
_22011
080 _a(0.05)
_22011
100 1 _aPetiška, Eduard,
_d1924-1987
_4aut
240 1 0 _aPohádkový dědeček
_lSlovensky
245 1 0 _aRozprávkový deduško
_cEduard Petiška ; ilustrácie Zdeněk Miler ; [preklad Hilda Holinová]
260 _aPraha
_bOttovo nakladatelství
_c2014
300 _a89 s.
_bfareb. ilustr.
_c29 cm
655 7 _ačeské rozprávky
_2SNKPH
655 7 _apublikácie pre deti
_2SNKPH
655 7 _aCzech fairy tales
_2SNKPHeng
655 7 _aChildren's literature
_2SNKPHeng
700 1 _aMiler, Zdeněk,
_d1921-2011
_4ill
700 1 _aHolinová, Hilda,
_d1934-2013
_4trl
942 _2ddc
_cKLDE
_n0
949 _617A1177872
_asnkSB 89540
_bsnk2016/2387
_oPemic11-ah/15Int. č. fa – 1/2016
_s6100:20161207
999 _c21458
_d21458